00488nam a2200169 a 450000100060000000300090000600800410001502000150005604000280007108200170009910000490011624500530016526000420021830000110026065000250027165000220029617020CO-ViMGA141112s2004 ck r 000 u spa d a8487767079 aCO-ViMGAbspacCO-ViMGA04a372.87 A484e1 aAguirre de Mena, Olga; Mena Gonzalez, Ana de10aEducación musical . Manual para el profesorado aMálaga (España), cAljibe, c1992 a210.p.14aMUSICA - ENSEÑANZA14aMUSICA - MANUALES